00884nam a22002657a 4500999001500000001000600015003000900021005001700030008004100047020001500088040003300103082001800136100001900154245007500173250001200248260006000260300004600320490003800366500002000404650001800424700002300442700002200465942001500487952011600502 c5013d501311463BD-DhUAP20201126153004.0201126s2000 phia b 001 0 eng d a0781724139 aDNLM/DLCcDLCdBD-DhUAPbEng00223a615.1 MYC aMycek, Mary J. aPharmacology /cMary J. Mycek, Richard A. Harvey and Pamela C. Champe. a2nd ed. aPhiladelphia : bLippincott Williams & Wilkins,cc2000. axii, 514 pages :billustrations ;c28 cm. aLippincott's illustrated reviews. aIncludes index. aPharmacology. aHarvey, Richard A. aChampe, Pamela C.00012ddccBK 00102ddc4070aUAPCLbUAPCLcGeneral Stacksd2020-11-26o615.1 MYCp3010011463r2020-11-26t1w2020-11-26yBK